000 00890nam a2200217 a 4500
001 000002245
005 20240229073953.0
008 090701s1997 dr 000 spa d
020 _a8489548277
040 _aDO-SdBNP
_bspa
_cBNPHU
082 _a330.8
_bV422a
100 1 _aVega, Bernardo,
_d1938 -
_93222
245 3 _aLa agenda pendiente :
_breformas, geopolítica y frustración /
_cBernardo Vega.
246 1 3 _aArtículos y conferencias 1990-1995
260 _aSanto Domingo, :
_bFundación Cultural Dominicana,
_c1997.
300 _axviii, 358 p. ;
_c24 cm.
504 _aIncluye referencias bibliográficas y notas al pié de las páginas.
505 0 _aA. Temas políticos
_tB. Temas económicos
_tC. Temas históricos.
651 4 _aRepública Dominicana
_xHistoria
_vENSAYOS, CONFERENCIAS,ETC.
_92203
651 4 _aRepública Dominicana
_xPolítica
_vENSAYOS, CONFERENCIAS, ETC. -
_97162
999 _c2092
_d2092